000 00913nam a2200253 4500
003 CO-ViMGA
020 _a9789585669314
040 _aCO-ViMGA
_bspa
_cCO-ViMGA
090 _aA MEL5
100 1 _aMello, Roger
_d1965
_913203
245 1 0 _aLa cometa /
_ctexto e ilustraciones Roger Mello
260 _aBogotá
_bJuasaad
300 _a30 páginas
_bilustraciones en color ; 24 cm
490 _a Plan Nacional de Lectura y Escritura Leer es mi Cuento / Ministerio de Cultura
500 _aRecomendado para un público mayor de 15 años
650 1 4 _aAlbumes Juveniles Brasileños
_913204
650 1 4 _aArte Abstracto - Albumes Juveniles
_913205
650 1 4 _aColores - Albumes Juveniles
_913206
650 1 4 _aCometas - Albumes Juveniles
_913207
650 1 4 _aLibros Ilustrados Para Jovenes
_913208
650 1 4 _aLiteratura Juvenil Brasileña
_913209
700 1 _aMello, Roger
_d1965
_913203
942 _2ddc
_cBK
999 _c8598
_d8598